书目信息 |
| 题名: |
李宗仁身边的中共地下党员
|
|
| 作者: | 苏明刚, , 苏良才, 著 | |
| 分册: | ||
| 出版信息: | 北京 中共党史出版社 2010.05 |
|
| 页数: | 237页 | |
| 开本: | 24cm | |
| 丛书名: | ||
| 单 册: | ||
| 中图分类: | K827 | |
| 科图分类: | ||
| 主题词: | 革命烈士--生平事迹--中国--民国 | |
| 电子资源: | ||
| ISBN: | 978-7-5098-0661-6 | |
| 000 | 00902nam0 2200253 450 | |
| 001 | 012010622872 | |
| 005 | 20101125143313.48 | |
| 010 | @a978-7-5098-0661-6@dCNY28.80 | |
| 100 | @a20101129d2010 em y0chiy0110 ea | |
| 101 | 0 | @achi |
| 102 | @aCN@b110000 | |
| 105 | @aa z 000yb | |
| 200 | 1 | @a李宗仁身边的中共地下党员@Ali zong ren shen bian de zhong gong di xia dang yuan@e夏次叔传@f苏良才,苏明刚著 |
| 210 | @a北京@c中共党史出版社@d2010.05 | |
| 215 | @a237页@c图@d24cm | |
| 330 | @a本书记述了李宗仁身边的地下党员夏次叔的一生,包括:童年时代、负笈求学、忧国忧民、救亡图存、奉召回国、抗日倒蒋等十章内容。 | |
| 517 | 1 | @a夏次叔传@Axia ci shu zhuan |
| 600 | 0 | @a夏次叔@f1904-1938@x传记 |
| 606 | 0 | @a革命烈士@x生平事迹@y中国@z民国 |
| 690 | @aK827@v4 | |
| 701 | 0 | @a苏明刚,@Asu ming gang,@f1935-@4著 |
| 701 | 0 | @a苏良才,@Asu liang cai,@f1956-@4著 |
| 801 | 0 | @aCN@c20101129 |
| 905 | @dK827@eS810 | |
| 李宗仁身边的中共地下党员:夏次叔传/苏良才,苏明刚著.-北京:中共党史出版社,2010.05 |
| 237页:图;24cm |
| ISBN 978-7-5098-0661-6:CNY28.80 |
| 本书记述了李宗仁身边的地下党员夏次叔的一生,包括:童年时代、负笈求学、忧国忧民、救亡图存、奉召回国、抗日倒蒋等十章内容。 |
| ● |
| 相关链接 |
|
|
|
正题名:李宗仁身边的中共地下党员
索取号:K827/S810
 
预约/预借
| 序号 | 登录号 | 条形码 | 馆藏地/架位号 | 状态 | 备注 |
| 1 | 1035923 | 210359235 | 社科库309/309社科库 56排7列6层/ [索取号:K827/S810] | 在馆 | |
| 2 | 1035924 | 210359244 | 自科二线404/309社科库 56排7列5层/ [索取号:K827/S810] | 在馆 | |
| 3 | 1035925 | 210359253 | 社科库309/309社科库 56排7列6层/ [索取号:K827/S810] | 在馆 | |
| 4 | 1035926 | 210359262 | 自科二线404/309社科库 56排7列5层/ [索取号:K827/S810] | 在馆 | |
| 5 | 1035927 | 210359271 | 自科二线404/309社科库 56排7列5层/ [索取号:K827/S810] | 在馆 |